| 000 | 01009nam a2200265Ia 4500 | ||
|---|---|---|---|
| 003 | OSt | ||
| 005 | 20220923211246.0 | ||
| 006 | a|||||r|||| 00| 0 | ||
| 007 | ta | ||
| 008 | 220922b |||||||| |||| 00| 0 hin d | ||
| 020 |
_a9788178543451 (hbk) _c3000 |
||
| 024 | _a324,885 | ||
| 037 |
_b338, 10/02/2018, Eastern Book Linkers _cTextual |
||
| 040 |
_aARTS _cARTS _bhin |
||
| 041 |
_2hin _ahin |
||
| 082 | _aO15:gxJ92,1:g, 152Q8.1-.2 | ||
| 100 | _aविश्वनाथ, ले. | ||
| 245 | 0 | _aसाहित्यसुधासिन्धु एवं मृगाšलेख | |
| 246 | _aSāhityasudhāsindhu evan mṛugāšlekha | ||
| 260 |
_aदिल्ली _b ईस्टर्न बुक लिंकर्स _c2018 |
||
| 490 | _vभाग 1 | ||
| 650 | _aसंस्कृत साहित्य | ||
| 942 |
_hO15:gxJ92,1:g, 152Q8.1-.2 _cTEXL _2CC |
||
| 999 |
_c297830 _d297830 |
||